Concept of ZERO/ (Record no. 187557)

MARC details
000 -LEADER
fixed length control field 00606nam a22001937a 4500
005 - DATE AND TIME OF LATEST TRANSACTION
control field 20220422170753.0
010 ## - LCCN (DPL NO)
LC control number ENG-132363
020 ## - INTERNATIONAL STANDARD BOOK NUMBER
International Standard Book Number 9788123780481
Terms of availability 125.00
035 ## - SYSTEM CONTROL NUMBER
System control number EN-115895
037 ## - SOURCE OF ACQUISITION
Source of stock number/acquisition DBAD/PUB
082 ## - DEWEY DECIMAL CLASSIFICATION NUMBER
Classification number 512.70954
Item number 1
100 ## - MAIN ENTRY--PERSONAL NAME
Personal name Deshpande, S.P.
245 ## - TITLE STATEMENT
Title Concept of ZERO/
Statement of responsibility, etc S.P. Deshpande
250 ## - EDITION STATEMENT
Edition statement 1st edition
260 ## - PUBLICATION, DISTRIBUTION, ETC. (IMPRINT)
Place of publication, distribution, etc New Delhi
Name of publisher, distributor, etc National Book Trust
270 ## - ADDRESS
Address Nehra Bhawan, 5 Institutional Area , Phase- 11 , Vasant Kunj
City Delhi
Postal code 110070
300 ## - PHYSICAL DESCRIPTION
Extent ix, 129p.
Other physical details Acknowledgement , preface
Dimensions 21.8cm(pbk)
942 ## - ADDED ENTRY ELEMENTS (KOHA)
Source of classification or shelving scheme Dewey Decimal Classification
Item type English Books
Classification part 512.70954
Call number suffix DES
Holdings
Withdrawn status Lost status Not for loan Collection code Home library Current library Date acquired Source of acquisition Cost, normal purchase price Full call number Barcode Copy number Cost, replacement price Koha item type
      Non-fiction Patel Nagar Patel Nagar 22/04/2022 DBAD/PUB 125.00 512.70954 DES EN-115895 1 125.00 English Books

© Delhi Public Library
Hit Counter
free hit counter